[Event "FRA-chT Top 12"]
[Site "Chartres"]
[Date "2017.05.24"]
[Round "7.8"]
[White "Maisuradze, Nino"]
[Black "Guerlin Dit De Guer, Clarisse"]
[Result "1-0"]
[WhiteElo "2260"]
[BlackElo "1278"]
[PlyCount "37"]
[EventDate "2017.05.18"]
[EventType "team-tourn"]
[EventRounds "11"]
[EventCountry "FRA"]
[SourceTitle "CBM 178 Extra"]
[Source "ChessBase"]
[SourceDate "2017.06.22"]
[SourceVersion "1"]
[SourceVersionDate "2017.06.22"]
[SourceQuality "1"]
[WhiteTeam "Bischwiller"]
[BlackTeam "Montpellier"]
[WhiteTeamCountry "FRA"]
[BlackTeamCountry "FRA"]

1. d4 e6 2. Nf3 d5 3. Bf4 Nf6 4. e3 Be7 5. Bd3 0-0 6. Nbd2 b6 7. Ne5 Bb7 8. Qf3 c5 9. c3 Nc6 10. Qh3 Nxe5 11. dxe5 Ne4 12. f3 Bh4+ 13. g3 Bg5 14. fxe4 Bxf4 15. gxf4 g6 16. 0-0-0 Qe7 17. Rhg1 Rad8 18. Nf3 dxe4 19. Ng5 1-0